MARC details
| 000 -LEADER |
| campo de control de longitud fija |
03524cam a2200577Ia 4500 |
| 001 - NÚMERO DE CONTROL |
| campo de control |
83608 |
| 005 - FECHA Y HORA DE LA ÚLTIMA TRANSACCIÓN |
| campo de control |
20230410132756.0 |
| 008 - DATOS DE LONGITUD FIJA--INFORMACIÓN GENERAL |
| campo de control de longitud fija |
070827s2007 enkab b 001 0 eng |
| 010 ## - NÚMERO DE CONTROL DE LA BIBLIOTECA DEL CONGRESO |
| Número de control de LC |
2007282639 |
| 035 ## - NÚMERO DE CONTROL DEL SISTEMA |
| Número de control de sistema |
(OCoLC)ocn166626221 |
| 040 ## - FUENTE DE CATALOGACIÓN |
| Centro catalogador/agencia de origen |
UKM |
| Centro/agencia transcriptor |
UKM |
| Centro/agencia modificador |
BAKER |
| -- |
YDXCP |
| -- |
BTCTA |
| -- |
TJC |
| -- |
WAU |
| -- |
DLC |
| -- |
OUP |
| -- |
COD |
| -- |
RLA |
| -- |
VP@ |
| -- |
AGL |
| -- |
MTG |
| -- |
NOR |
| 015 ## - NÚMERO DE BIBLIOGRAFÍA NACIONAL |
| Número de bibliografía nacional |
GBA768781 |
| Fuente |
bnb |
| 016 7# - NÚMERO DE CONTROL DE UNA AGENCIA BIBLIOGRÁFICA NACIONAL |
| Número de control del registro |
013829008 |
| Fuente |
Uk |
| 019 ## - |
| -- |
145553990 |
| 020 ## - NÚMERO INTERNACIONAL ESTÁNDAR DEL LIBRO |
| Número Internacional Estándar del Libro |
9780521880114 (hbk.) |
| 020 ## - NÚMERO INTERNACIONAL ESTÁNDAR DEL LIBRO |
| Número Internacional Estándar del Libro |
0521880114 (hbk.) |
| 020 ## - NÚMERO INTERNACIONAL ESTÁNDAR DEL LIBRO |
| Número Internacional Estándar del Libro |
9780521705981 (pbk.) |
| 020 ## - NÚMERO INTERNACIONAL ESTÁNDAR DEL LIBRO |
| Número Internacional Estándar del Libro |
0521705983 (pbk.) |
| 029 1# - OTRO NÚMERO DE CONTROL DE SISTEMA (OCLC) |
| Identificador de la biblioteca OCLC |
NLGGC |
| Número de control de sistema |
306202123 |
| 029 1# - OTRO NÚMERO DE CONTROL DE SISTEMA (OCLC) |
| Identificador de la biblioteca OCLC |
NZ1 |
| Número de control de sistema |
11619908 |
| 029 1# - OTRO NÚMERO DE CONTROL DE SISTEMA (OCLC) |
| Identificador de la biblioteca OCLC |
AU@ |
| Número de control de sistema |
000042224149 |
| 035 ## - NÚMERO DE CONTROL DEL SISTEMA |
| Número de control de sistema |
(OCoLC)166626221 |
| Número de control cancelado/no válido |
(OCoLC)145553990 |
| 050 14 - SIGNATURA TOPOGRÁFICA DE LA BIBLIOTECA DEL CONGRESO |
| Número de clasificación |
QC 981.8 |
| Número de ítem |
C639m 2007 |
| 082 00 - NÚMERO DE LA CLASIFICACIÓN DECIMAL DEWEY |
| Número de clasificación |
363.738742 |
| 049 ## - FONDOS LOCALES (OCLC) |
| Biblioteca depositaria |
GRAL |
| 245 00 - MENCIÓN DEL TÍTULO |
| Título |
Climate change 2007 : |
| Resto del título |
mitigation of climate change : contribution of Working Group III to the Fourth Assessment Report of the Intergovernmental Panel on Climate Change / |
| Mención de responsabilidad, etc. |
edited by Bert Metz ... [et al.]. |
| 260 ## - PUBLICACIÓN, DISTRIBUCIÓN, ETC. |
| Lugar de publicación, distribución, etc. |
Cambridge ; |
| -- |
New York : |
| Nombre del editor, distribuidor, etc. |
Cambridge University Press, |
| Fecha de publicación, distribución, etc. |
2007. |
| 263 ## - FECHA PROYECTADA DE PUBLICACIÓN |
| Fecha proyectada de publicación |
200712 |
| 300 ## - DESCRIPCIÓN FÍSICA |
| Extensión |
x, 851 p. : |
| Otras características físicas |
col. ills., col. maps ; |
| Dimensiones |
29 cm. |
| 500 ## - NOTA GENERAL |
| Nota general |
"Published for the Intergovernmental Panel on Climate Change." |
| 504 ## - NOTA DE BIBLIOGRAFÍA, ETC. |
| Nota de bibliografía, etc. |
Includes bibliographical references and index. |
| 505 00 - NOTA DE CONTENIDO CON FORMATO |
| Título |
Foreword -- |
| -- |
Preface -- |
| -- |
Summary for policymakers -- |
| -- |
Technical summary -- |
| Información miscelánea |
1. |
| Título |
Introduction -- |
| Información miscelánea |
2. |
| Título |
Framing issues -- |
| Información miscelánea |
3. |
| Título |
Issues related to mitigation in the long term context -- |
| Información miscelánea |
4. |
| Título |
Energy supply -- |
| Información miscelánea |
5. |
| Título |
Transport and its infrastructure -- |
| Información miscelánea |
6. |
| Título |
Residential and commercial buildings -- |
| Información miscelánea |
7. |
| Título |
Industry -- |
| Información miscelánea |
8. |
| Título |
Agriculture -- |
| Información miscelánea |
9. |
| Título |
Forestry -- |
| Información miscelánea |
10. |
| Título |
Waste management -- |
| Información miscelánea |
11. |
| Título |
Mitigation from a cross sectoral perspective -- |
| Información miscelánea |
12. |
| Título |
Sustainable development and mitigation -- |
| Información miscelánea |
13. |
| Título |
Policies, instruments and co-operative agreement -- |
| -- |
Annex 1 : Glossary -- |
| -- |
Annex 2 : Acronyms, abbreviations and chemical compounds -- |
| -- |
Annex 3 : List of contributors -- |
| -- |
Annex 4 : List of reviewers -- |
| -- |
Index. |
| 520 ## - RESUMEN, ETC. |
| Sumario, etc. |
The third volume of the Fourth Assessment Report of the Intergovernmental Panel on Climate Change (IPCC) provides an in-depth analysis of the costs and benefits of different approaches to mitigating and avoiding climate change. It includes a detailed assessment of costs and potentials of mitigation technologies and practices, implementation barrier, and policy options for the sectors: energy supply, transport, building, industry, agriculture, forestry and waste management.--Publisher's description. |
| 530 ## - NOTA DISPONIBLE DE FORMULARIO FÍSICO ADICIONAL |
| Nota de formato físico adicional disponible |
Also issued electronically via the World Wide Web. |
| 650 #0 - PUNTO DE ACCESO ADICIONAL DE MATERIA--TÉRMINO DE MATERIA |
| Término de materia o nombre geográfico como elemento de entrada |
Climatic changes |
| Subdivisión general |
Government policy. |
| 650 #0 - PUNTO DE ACCESO ADICIONAL DE MATERIA--TÉRMINO DE MATERIA |
| Término de materia o nombre geográfico como elemento de entrada |
Climatic changes |
| Subdivisión general |
International cooperation. |
| 650 #0 - PUNTO DE ACCESO ADICIONAL DE MATERIA--TÉRMINO DE MATERIA |
| Término de materia o nombre geográfico como elemento de entrada |
Greenhouse gas mitigation. |
| 700 1# - ENTRADA AGREGADA--NOMBRE PERSONAL |
| Nombre de persona |
Metz, Bert. |
| 710 2# - ENTRADA AGREGADA--NOMBRE DE ENTIDAD CORPORATIVA |
| Nombre de entidad corporativa o nombre de jurisdicción como elemento de entrada |
Intergovernmental Panel on Climate Change. |
| 710 2# - ENTRADA AGREGADA--NOMBRE DE ENTIDAD CORPORATIVA |
| Nombre de entidad corporativa o nombre de jurisdicción como elemento de entrada |
Intergovernmental Panel on Climate Change. |
| Unidad subordinada |
Working Group III. |
| 856 41 - LOCALIZACIÓN Y ACCESO ELECTRÓNICOS |
| Identificador Uniforme de Recursos |
<a href="http://www.ipcc.ch/ipccreports/ar4-wg3.htm">http://www.ipcc.ch/ipccreports/ar4-wg3.htm</a> |
| 856 42 - LOCALIZACIÓN Y ACCESO ELECTRÓNICOS |
| Materiales especificados |
Publisher description |
| Identificador Uniforme de Recursos |
<a href="http://www.loc.gov/catdir/enhancements/fy0806/2007282639-d.html">http://www.loc.gov/catdir/enhancements/fy0806/2007282639-d.html</a> |
| 856 41 - LOCALIZACIÓN Y ACCESO ELECTRÓNICOS |
| Materiales especificados |
Table of contents only |
| Identificador Uniforme de Recursos |
<a href="http://www.loc.gov/catdir/enhancements/fy0806/2007282639-t.html">http://www.loc.gov/catdir/enhancements/fy0806/2007282639-t.html</a> |
| 938 ## - |
| -- |
Baker & Taylor |
| -- |
BKTY |
| -- |
85.00 |
| -- |
85.00 |
| -- |
0521705983 |
| -- |
0007217009 |
| -- |
active |
| 938 ## - |
| -- |
Baker & Taylor |
| -- |
BKTY |
| -- |
165.00 |
| -- |
165.00 |
| -- |
0521880114 |
| -- |
0007216807 |
| -- |
active |
| 938 ## - |
| -- |
Baker and Taylor |
| -- |
BTCP |
| -- |
BK0007216807 |
| 938 ## - |
| -- |
YBP Library Services |
| -- |
YANK |
| -- |
2559980 |
| 942 ## - ELEMENTOS DE ENTRADA SECUNDARIOS (KOHA) |
| Fuente del sistema de clasificación o colocación |
Clasificación de Library of Congress |
| Tipo de ítem Koha |
|
| 946 ## - PROCESAMIENTO DE INFORMACIÓN LOCAL (OCLC) |
| a |
aa |
| 994 ## - |
| -- |
C0 |
| -- |
DRFGD |